000 00352pab a2200157 454500
008 180718b2002 xxu||||| |||| 00| 0 eng d
100 _aIlaiah, Kancha
245 _aChallenges before Kalam
260 _c2002
300 _ap.10.
362 _a25 Jun
650 _aIndia - Constitution
650 _aPresidents
773 _aHindu
909 _a54327
999 _c54327
_d54327